| 000 | 00606nam a2200205 u 4500 | ||
|---|---|---|---|
| 005 | 20221104063502.0 | ||
| 008 | 110128s2008 r 000 0 eng d | ||
| 020 | _a9789702612650 | ||
| 035 | _aUPN01000179134 | ||
| 049 | _aCG | ||
| 050 | 4 |
_aHD58.7 _bS2.6 |
|
| 100 | 1 | _aSanta María González, Pablo | |
| 245 | 1 | 0 |
_aProcesos humanos en los negocios / _cPablo Santa María González. |
| 260 |
_aMéxico : _bPearson, _c2008. |
||
| 300 |
_axxi, 207 p. : _eil. |
||
| 440 | 0 | _aPearson educación | |
| 650 | 2 |
_aConducta organizacional _96338 |
|
| 650 | 2 |
_aAdministración de personal _9487 |
|
| 905 | _aLibro | ||
| 999 |
_c151237 _d151237 |
||